| 000 | 01141nam a22002897a 4500 | ||
|---|---|---|---|
| 005 | 20080929101452.0 | ||
| 008 | 080929t xxu||||| |||| 00| 0chin d | ||
| 010 | _aHIN-92243 | ||
| 020 |
_c100.00 _a8188495131 |
||
| 035 | _aHN-64589 | ||
| 037 | _bDBAD / PUB | ||
| 040 |
_aDPL _bHN |
||
| 082 | _a520 | ||
| 100 |
_926640 _aचतुर्वेदी, अजय कुमार |
||
| 245 |
_aहमारा अंतरिक्ष / _cअजय कुमार चतुर्वेदी |
||
| 260 |
_aमथुरा _bरमन बुक सेंटर _c2010 |
||
| 270 |
_a1940, बाढ़पुरा कॉलोनी, सदर रोड _bमथुरा (उ.प्र.) _e281001 _k0565- 2470484 |
||
| 300 |
_a63पृ. _c22सेमी (सजिल्द) _bसचित्र |
||
| 650 | _9697 | ||
| 650 | _926674 | ||
| 650 | _9698 | ||
| 700 | _926643 | ||
| 700 | _927078 | ||
| 710 | _926662 | ||
| 942 |
_2ddc _cHN _h520 _mचतुर्वे |
||
| 999 |
_c51461 _d51461 |
||